00582aam a2200205a 44500008003900000041000800039080001600047110003500063245008000098245003600178260001100214260003500225260000900260300002300269500002400292500001500316520001500331546001300346650001700359930106s1983 cat acat a796.52(038) aEscola Catalana d'Espeleologia aVocabulari bàsic de tecnologia i material de l'exploració subterrània cEscola Catalana d'Espeleologia. a[S.l.] bEscola Catalana d'Espeleologia c1983 a[22]p.bil.c30 cm aExemplar fotocopiat aSinònims aaprox. 310 acatalà aespeleologia